Securitisation, Asset Reconstruction and Enforcement of Security Interests/ (Record no. 208466)

MARC details
000 -LEADER
fixed length control field 00630nam a22001937a 4500
005 - DATE AND TIME OF LATEST TRANSACTION
control field 20250114123401.0
010 ## - LCCN (DPL NO)
LC control number ENG-143386
020 ## - INTERNATIONAL STANDARD BOOK NUMBER
Terms of availability 3495.00
International Standard Book Number 9789395116893
035 ## - SYSTEM CONTROL NUMBER
System control number EN-126918
037 ## - SOURCE OF ACQUISITION
Source of stock number/acquisition DBAD
082 ## - DEWEY DECIMAL CLASSIFICATION NUMBER
Classification number 346.540666
100 ## - MAIN ENTRY--PERSONAL NAME
Personal name Kothari, Vinod
245 00 - TITLE STATEMENT
Title Securitisation, Asset Reconstruction and Enforcement of Security Interests/
Statement of responsibility, etc by Vinod Kothari
250 ## - EDITION STATEMENT
Edition statement 7
260 ## - PUBLICATION, DISTRIBUTION, ETC. (IMPRINT)
Place of publication, distribution, etc Gurgaon
Name of publisher, distributor, etc Lexis Nexis
Date of publication, distribution, etc 2024
270 ## - ADDRESS
Address 14th Floor, Bldg. No.10, Tower-B, DLF Cyber City, Phase-II
City Gurgaon
Postal code 122002
300 ## - PHYSICAL DESCRIPTION
Extent cxxxiv,1484p.
Dimensions 24cm(Hb)
942 ## - ADDED ENTRY ELEMENTS (KOHA)
Source of classification or shelving scheme Dewey Decimal Classification
Item type English Books
Call number suffix VAR
Classification part 346.540666
Holdings
Withdrawn status Lost status Not for loan Collection code Home library Current library Date acquired Source of acquisition Cost, normal purchase price Full call number Barcode Copy number Cost, replacement price Koha item type
    Not For Loan Reference Central Library Central Library 14/01/2025 Delivery of Books Act Division 3495.00 VAR 346.540666 EN-126918 1 3495.00 English Books

© Delhi Public Library
Hit Counter
free hit counter